Ruway / (Record no. 23159)

000 -CABECERA
fixed length control field 00944nam a22002417i 4500
003 - IDENTIFICADOR DEL NÚMERO DE CONTROL
control field AR-CdUCM
008 - DATOS DE LONGITUD FIJA--INFORMACIÓN GENERAL
fixed length control field 250102b20222022 pe||||| |||| 00| 0 spa d
040 ## - FUENTE DE LA CATALOGACIÓN
Agencia/entidad que catalogó originalmente la obra MUNICIPALIDAD PROVINCIAL DEL CUSCO
Entidad que transcribió la catalogación BIBLIOTECA MUNICIPAL DEL CUSCO
082 ## - NÚMERO DE LA CLASIFICACIÓN DECIMAL DEWEY
No. de Clasificación 700 / U61
Notacion interna U61
110 ## - ENTRADA PRINCIPAL--NOMBRE DE ENTIDAD CORPORATIVA
Nombre de la institución, jurisdicción como entrada principal Universidad Nacional Diego Quispe Tito
9 (RLIN) 50913
245 ## - MENCIÓN DE TÍTULO
Título Ruway /
260 ## - PUBLICACIÓN, DISTRIBUCIÓN, ETC.
Lugar de publicación, distribución, etc. Cusco :
Nombre de la editorial, distribuidor, etc. Universidad Nacional Diego Quispe - Fondo Editorial
Fecha de publicación, distribución, etc. 2022
300 ## - DESCRIPCIÓN FÍSICA
Nº de Páginas Extensión 169 páginas. :
Dimensiones 21x21 cm.
505 ## - NOTA DE CONTENIDO CON FORMATO
Nota de contenido formateada Impulsando los emprendimientos artísticos -- Ruway se consolida como plataforma de visibilizar los emprendimientos con arte -- Emprendimiento con arte -- Los talleres
650 ## - PUNTO DE ACCESO ADICIONAL DE MATERIA--TÉRMINO DE MATERIA
Descriptor Emprendimiento artístico
9 (RLIN) 50893
650 ## - PUNTO DE ACCESO ADICIONAL DE MATERIA--TÉRMINO DE MATERIA
Descriptor Cultura del emprendimiento
9 (RLIN) 50894
650 ## - PUNTO DE ACCESO ADICIONAL DE MATERIA--TÉRMINO DE MATERIA
Descriptor Crear valor y bienestar
9 (RLIN) 50895
650 ## - PUNTO DE ACCESO ADICIONAL DE MATERIA--TÉRMINO DE MATERIA
Descriptor Los talleres
9 (RLIN) 50896
856 ## - LOCALIZACIÓN Y ACCESO ELECTRÓNICOS
Dirección electrónica http://ruway.undqt.edu.pe
942 ## - ELEMENTOS DE PUNTO DE ACCESO ADICIONAL (KOHA)
Fuente de clasificación
Tipo de item Libros-BMC
945 ## - PROCESAMIENTO DE INFORMACIÓN LOCAL (OCLC)
Catalogador pbj
AAAA-MM-DD - Fecha de ingreso o modificacion 2025-01-02
Holdings
Estado de retiro (separado) Fuente de clasificación o esquema de estanterías Estado dañado Ubicación Sala donde se ubica Nombre de la colección Fecha de adquisición o compra Fuente de adquisición Costo, precio normal en soles Signatura topográfica Código de Barras Última vez visto (Koha) Tipo de ítem (Koha)
No     Sala Artes Sala Artes Book Cart 2025-01-02 Donación 20.00 700 / U61 SA0000000763 2025-01-02 Libros-BMC
No     Sala Artes Sala Artes Book Cart 2025-01-06 Donación 30.00 700 / U61 / e.2 SA0000000771 2025-01-06 Libros-BMC

Powered by Koha